000 00597nam a2200205Ia 4500
005 20250508154101.0
008 008 250505s9999 xx 000 0 eng d
037 _aTextual
040 _aFEDL
_beng
_cFEDL
041 _aeng
_2eng
084 _a371.1, RIC
_qFEDL
100 _aRichey Robert W
245 0 _aPlanning for teaching : An introduction to education
250 _a2
260 _aNew York, USA
_bMcGraw Hill Book Company Inc.
_c1958
300 _axv,550p
490 _aMcGraw - Hill series in education
942 _cTEXL
_h371.1, RIC
999 _c1347518
_d1347518